000 00597nam a2200217Ia 4500
003 GCL
008 140319s9999 xx 000 0 eng d
020 _a1857151666
040 _aGCL /
_cGCL
082 0 4 _a823
_bB F
100 1 _aBORGES, JORGE LUIS
245 1 0 _aFICCIONES /
_cBORGES, JORGE LUIS
700 1 _aSTURROCK, JOHN
260 _aانجلترا :
_bEVERYMAN'S LIBRARY ،
_c1993
300 _a21 CM ؛
_cXLIII, 142 P
490 _aTHE MILLENNIUM LIBRARY
_v166
650 0 4 _aLITERATURE
650 0 4 _aENGLISH FICTION
650 0 4 _aENGLISH LITERATURE - COLLECTIONS
942 _2ddc
_cBK
999 _c5798
_d5798